000 01108cam a2200337 i 4500
008
020 _a0198538057 (hardback)
040 _aNUST
_cNUST
049 _aMAIN
090 0 0 _aTJ211.35
_bSAM
100 1 _aSamson, Claude
245 1 0 _aRobot control :
_bthe task function approach /
_cClaude Samson, Michel Le Borgne and Bernard Espiau
264 1 _aOxford :
_bClarendon Press :
_c1991
264 1 _aNew York ;
_bOxford University Press,
_c1991
300 _axvii, 364 pages :
_billustrations ;
_c24 cm
336 _atext
_btxt
_2rdacontent
337 _aunmediated
_bn
_2rdamedia
338 _avolume
_bnc
_2rdacarrier
440 4 _aThe Oxford engineering science series ;
_v22
500 _aIncludes index
504 _aIncludes bibliographical references
650 0 _aRobots
_xControl systems
650 0 _aManipulators (Mechanism)
653 _aIndustrial robots
700 1 _aLe Borgne, Michel
700 1 _aEspiau, Bernard
907 _a.b10416729
_b05-04-22
_c01-04-22
003
005 20230123141237.0
942 _cBOOKS
_kTJ211.35
_mSAM
999 _c170155
_d170155